| Поле | Название | Значение |
| |
Тип записи |
a |
| |
Библиографический уровень |
m |
| 001 |
Контрольный номер |
RU/СЮИ МВД России/KNIGI/65.298 |
| 005 |
Дата корректировки |
20140506144855.1 |
| 010 |
Индекс ISBN |
__ |
| a |
ISBN |
978-5-406-00956-7 |
| d |
Цена |
р.342.24 |
| 100 |
Данные общей обработки |
__ |
| a |
Данные общей обработки |
20110621d2011 |||y0rusy0189 |
| 101 |
Язык документа |
0_ |
| a |
Язык текста |
rus |
| 102 |
Страна публикации |
__ |
| a |
Страна публикации |
RU |
| 105 |
Кодированные данные (монография) |
__ |
| a |
Кодированные данные (монография) |
y j 000yy |
| 200 |
Заглавие и сведения об ответственности |
1_ |
| a |
Заглавие |
Международный менеджмент |
| e |
Сведения, относящиеся к заглавию |
учебник |
| f |
Первые сведения об ответственности |
И. Г. Владимирова |
| 210 |
Выходные данные |
__ |
| a |
Место издания |
М. |
| c |
Издательство |
КноРус |
| d |
Дата издания |
2011 |
| 215 |
Физическое описание |
__ |
| a |
Объем |
448 с. |
| 327 |
Примечание о содержании |
1_ |
| a |
Примечание о содержании |
Содержание : Современные компании и их развитие ; Транснациональные корпорации как объект международного менеджмента ; Организационные формы выхода международных компаний на зарубежные рынки ; Система управления международными компаниями и организационные структуры ТНК ; Организационные формы интеграции международных компаний ; Пути развития международных компаний ; Особенности среды современного международного бизнеса |
| 330 |
Аннотация |
__ |
| a |
Аннотация |
Допущено советом УМО по образованию в области менеджмента в качестве учебника по специальности Менеджмент организации и по направлению Менеджмент |
| 464 |
Аналитический уровень |
_0 |
| 1 |
|
2001 |
| a |
|
Современные компании и их развитие |
| 464 |
Аналитический уровень |
_0 |
| 1 |
|
2001 |
| a |
|
Транснациональные корпорации как объект международного менеджмента |
| 464 |
Аналитический уровень |
_0 |
| 1 |
|
2001 |
| a |
|
Организационные формы выхода международных компаний на зарубежные рынки |
| 464 |
Аналитический уровень |
_0 |
| 1 |
|
2001 |
| a |
|
Система управления международными компаниями и организационные структуры ТНК |
| 464 |
Аналитический уровень |
_0 |
| 1 |
|
2001 |
| a |
|
Организационные формы интеграции международных компаний |
| 464 |
Аналитический уровень |
_0 |
| 1 |
|
2001 |
| a |
|
Пути развития международных компаний |
| 464 |
Аналитический уровень |
_0 |
| 1 |
|
2001 |
| a |
|
Особенности среды современного международного бизнеса |
| 606 |
Тематические рубрики |
__ |
| a |
Основная рубрика |
Международный менеджмент |
| 620 |
Место и дата публикации, исполнения и т.д. |
__ |
| d |
Город |
Москва |
| 686 |
Индексы других классификаций |
__ |
| a |
Классификационный индекс |
65.298 |
| 2 |
Код системы |
rubbk |
| 686 |
Индексы других классификаций |
__ |
| a |
Классификационный индекс |
06.81 |
| 2 |
Код системы |
rugasnti |
| 700 |
Автор |
_1 |
| a |
Фамилия |
Владимирова |
| b |
Имя |
И. Г. |
| 4 |
Код отношения |
070 |
| 801 |
Источник записи |
_0 |
| b |
Организация |
СЮИ МВД России |
| a |
Страна |
RU |
| c |
Дата составления |
20110621 |
| 801 |
Источник записи |
_1 |
| a |
Страна |
RU |
| b |
Организация |
ПКИ |
| c |
Дата составления |
20110621 |
| 852 |
Данные о местонахождении |
__ |
| a |
Наименование организации |
СЮИ МВД России |
| b |
Сигла хранения |
ЧЗ_Поволжский филиал |
| p |
Инвентарный номер |
140102 |
| 852 |
Данные о местонахождении |
__ |
| a |
Наименование организации |
СЮИ МВД России |
| b |
Сигла хранения |
УчФ_Поволжский филиал |
| p |
Инвентарный номер |
140103 |
| 852 |
Данные о местонахождении |
__ |
| a |
Наименование организации |
СЮИ МВД России |
| b |
Сигла хранения |
УчФ_Поволжский филиал |
| p |
Инвентарный номер |
140104 |
| 852 |
Данные о местонахождении |
__ |
| a |
Наименование организации |
СЮИ МВД России |
| b |
Сигла хранения |
УчФ_Поволжский филиал |
| p |
Инвентарный номер |
140105 |
| 852 |
Данные о местонахождении |
__ |
| a |
Наименование организации |
СЮИ МВД России |
| b |
Сигла хранения |
УчФ_Поволжский филиал |
| p |
Инвентарный номер |
140106 |
| 852 |
Данные о местонахождении |
__ |
| a |
Наименование организации |
СЮИ МВД России |
| b |
Сигла хранения |
УчФ_Поволжский филиал |
| p |
Инвентарный номер |
140107 |
| 852 |
Данные о местонахождении |
__ |
| a |
Наименование организации |
СЮИ МВД России |
| b |
Сигла хранения |
УчФ_Поволжский филиал |
| p |
Инвентарный номер |
140108 |
| 852 |
Данные о местонахождении |
__ |
| a |
Наименование организации |
СЮИ МВД России |
| b |
Сигла хранения |
УчФ_Поволжский филиал |
| p |
Инвентарный номер |
140109 |
| 852 |
Данные о местонахождении |
__ |
| a |
Наименование организации |
СЮИ МВД России |
| b |
Сигла хранения |
УчФ_Поволжский филиал |
| p |
Инвентарный номер |
140110 |
| 852 |
Данные о местонахождении |
__ |
| a |
Наименование организации |
СЮИ МВД России |
| b |
Сигла хранения |
УчФ_Поволжский филиал |
| p |
Инвентарный номер |
140111 |
| 852 |
Данные о местонахождении |
__ |
| a |
Наименование организации |
СЮИ МВД России |
| b |
Сигла хранения |
УчФ_Поволжский филиал |
| p |
Инвентарный номер |
140112 |
| 852 |
Данные о местонахождении |
__ |
| a |
Наименование организации |
СЮИ МВД России |
| b |
Сигла хранения |
УчФ_Поволжский филиал |
| p |
Инвентарный номер |
140113 |
| 852 |
Данные о местонахождении |
__ |
| a |
Наименование организации |
СЮИ МВД России |
| b |
Сигла хранения |
УчФ_Поволжский филиал |
| p |
Инвентарный номер |
140114 |
| 852 |
Данные о местонахождении |
__ |
| a |
Наименование организации |
СЮИ МВД России |
| b |
Сигла хранения |
УчФ_Поволжский филиал |
| p |
Инвентарный номер |
140115 |
| 852 |
Данные о местонахождении |
__ |
| a |
Наименование организации |
СЮИ МВД России |
| b |
Сигла хранения |
УчФ_Поволжский филиал |
| p |
Инвентарный номер |
140116 |
| 901 |
Тип документа |
__ |
| t |
Тип документа |
m |
| 938 |
Служебная информация |
__ |
| a |
Название организации |
Поволжский филиал |
| b |
Имя БД |
Книги_Ирбис |
| c |
Название АИБС |
АБИС ИРБИС |